The geographical bulletin

Detalles Bibliográficos
Autor Corporativo: Gamma Theta Upsilon
Formato: Electrónico Revista
Lenguaje:inglés
Publicado: Monmouth, Or. : Gamma Theta Upsilon, 1970-
Materias:
Acceso en línea:Full text available from Research Library: 05/01/2009 to present

MARC

LEADER 00000nas a22000007a 4500
001 ssj0000556648
003 WaSeSS
005 20200512172242.0
006 m d
007 cr n
008 750824c19709999miufr pss 0 a0eng c
010 |a  2011200514 
022 |a 2163-5900  |y 0731-3292 
035 |a (WaSeSS)ssj0000556648 
037 |b Gamma Theta Upsilon, Dept. of Geography, Eastern Michigan University, Ypsilanti, Mich. 48197 
040 |a LGG  |b eng  |c LGG  |d DLC  |d OCLCF  |d OCLCO  |d OCLCQ  |d OCLCO  |d GUA  |d AU@  |d WaSeSS 
042 |a pcc  |a nsdp 
050 1 4 |a G1  |b .G3344 
082 1 0 |a 910  |2 14 
082 0 4 |a 910/.5 
130 0 |a Geographical bulletin (Monmouth, Or. : Online) 
210 0 |a Geogr. bull.  |b (Ypsilanti, Mich. Online) 
222 4 |a The Geographical bulletin  |b (Ypsilanti, Mich. Online) 
245 1 4 |a The geographical bulletin  |h [electronic resource]. 
260 |a Monmouth, Or. :  |b Gamma Theta Upsilon,  |c 1970- 
310 |a Semiannual 
362 0 |a Vol. 1, no. 1 (Aug. 1970)- 
500 |a Published: Ypsilanti, Mich. : Gamma Theta Upislon, <1981-> 
506 |a License restrictions may limit access. 
538 |a Mode of access: World Wide Web. 
555 |a Vols. 1 (1970)-6 (Apr. 1973), in v. 7. 
588 |a Description based on: Vol. 1 (1970); title from pdf caption (Gamma Theta Upsilon website, viewed Sept. 8, 2011). 
588 |a Latest issue consulted: Vol. 51, no. 1 (May 2010). 
650 0 |a Geography  |v Periodicals. 
650 7 |a Geography.  |2 fast  |0 (OCoLC)fst00940469 
655 0 |a Electronic journals. 
710 2 |a Gamma Theta Upsilon. 
776 0 8 |i Print version, -Nov. 2017:  |t Geographical bulletin (Monmouth, Or.)  |x 0731-3292  |w (DLC) 82640799  |w (OCoLC)1570657 
856 4 0 |z Full text available from Research Library: 05/01/2009 to present  |u https://search.proquest.com/publication/237761